MARC
| LEADER | 000000000a22000000004500 | ||
|---|---|---|---|
| 001 | 002679 | ||
| 041 | 0 | |a por | |
| 082 | 0 | 4 | |a 808.8 |b M854p |
| 100 | 1 | |a Moriconi, Italo | |
| 245 | 1 | 0 | |a A provocacao pos moderna : |b razao histórica e política da teoria de hoje / |c Italo Moriconi. |
| 260 | 1 | |a Río de Janeiro : |b Diadorim, |c 1994. | |
| 300 | |a 176 páginas | ||
| 500 | |a (Colección George Yúdice) | ||
| 650 | 4 | |a POSMODERNISMO | |
| 650 | 4 | |a LITERATURA MODERNISTA | |
| 999 | |c 9048 |d 9048 | ||
| 942 | |c BK |h 808.8 M854p |2 z | ||
